书目信息 |
| 题名: |
菌物世界漫游
|
|
| 作者: | 裘维蕃 著 | |
| 分册: | ||
| 出版信息: | 广州 暨南大学出版社 |
|
| 页数: | 165页 | |
| 开本: | 32开 | |
| 丛书名: | ||
| 单 册: | ||
| 中图分类: | Q949.3-49 | |
| 科图分类: | ||
| 主题词: | 植物分类学 | |
| 电子资源: | ||
| ISBN: | 7-81029-934-4 | |
| 000 | 00533nam0 2200193 45 | |
| 001 | 0010271170 | |
| 005 | 20001203104938.8 | |
| 010 | @a7-81029-934-4@d15.00元 | |
| 100 | @a20001027d km y0chiy0120 ea | |
| 101 | 0 | @achi |
| 105 | @a z 000yy | |
| 200 | 1 | @a菌物世界漫游@AJun Wu Shi Jie Man You@f裘维蕃著@FQiu Wei Fan Zhu |
| 210 | @a广州@c暨南大学出版社 | |
| 215 | @a165页@d32开 | |
| 606 | 0 | @a植物分类学 |
| 690 | @aQ949.3-49@v3 | |
| 701 | 0 | @a裘维蕃@4著 |
| 801 | @aCN@bPftUser@c20001027 | |
| 905 | @dQ949.3-49@eQ255@b510663-665@f3 | |
| 菌物世界漫游/裘维蕃著.-广州:暨南大学出版社 |
| 165页;32开 |
| ISBN 7-81029-934-4:15.00元 |
| ● |
| 相关链接 |
|
|
|
正题名:菌物世界漫游
索取号:Q949.3-49/Q255
 
预约/预借
| 序号 | 登录号 | 条形码 | 馆藏地/架位号 | 状态 | 备注 |
| 1 | 510662 | 205106623 | 自科库401/401自科库 33排3列2层/ [索取号:Q949.3-49/Q255] | 在馆 | |
| 2 | 510663 | 205106632 | 自科库401/401自科库 33排3列2层/ [索取号:Q949.3-49/Q255] | 在馆 | |
| 3 | 510664 | 205106641 | 自科库401/401自科库 33排3列2层/ [索取号:Q949.3-49/Q255] | 在馆 |